000 00754nam a2200265 i 4500
001 C2-0278774
003 PPAK
005 20180728010244.0
008 070408s2007 my a|||| ||||| | may d
020 _a9789833577026
040 _aPPAK
_beng
_cPPAK
_erda
082 0 4 _a381.33
_223
090 0 0 _a381.33
_bAMA
_dK
245 0 0 _aAmalan perbelanjaan pengguna
264 1 _aSeri Kembangan, Selangor :
_bPenerbitan PCT ,
_c2007
300 _a44 pages :
_billustrations ;
_c26 cm
336 _2rdacontent
_atext
337 _2rdamedia
_aunmediated
338 _2rdacarrier
_avolume
490 1 _aSiri kajian kepenggunaan
650 1 0 _aConsumer education.
700 0 _aSuhaida Azmi,
_ecompile
830 0 _aSiri kajian kepenggunaan
942 _ddc
_cB
999 _c85600
_d85600